000 01809njm a2200481 c 4500
003 BLK
005 20180422121452.0
008 180410b bul||n||s|||||||| n|bulo|
010 _aCDD00003864000
040 _aBLK
041 _aITA
_cDRU
080 _aКонцерт за флейта и оркестър
_b785.6:788.5
_x
_z785.6:788.5
100 1 _aScarlatti, Alessandro
_eпърви автор
_9354555
700 1 _aСкарлати, Алесандро
_e*
_9387791
700 1 _aModo Antiquo
_eизп.
_918963
700 1 _aSardelli, Federico Maria
_eдиригент
_923271
139 _aScarlatti, Alessandro
_bS 30
245 1 0 _aI Concerti per Flauto e archi [CD аудио]
_cAlessandro Scarlatti; * Алесандро Скарлати; изп. Modo Antiquo; диригент Federico Maria Sardelli.
257 _aITA
260 Pianoro
_bToctus
_c2000
300 _a12 cm. Stereo
306 _a67мин. 2сек.
380 _a7
500 _aПрил. към сп. ORFEO
505 _tConcerto in la maggiore
505 _rфлейта Federico Maria Sardelli.
_tConcerto in do minore
505 _rфлейта Ugo Galasso.
_tConcerto in la minore
505 _rфлейта Federico Maria Sardelli.
_tConcerto in re maggiore
505 _tConcerto in sol minore
505 _tConcerto in do maggiore
505 _tConcerto in la minore
505 _tConcerto in fa maggiore
505 _rцигулка Federico Maria Sardelli.
_tConcerto in la maggiore
590 _aS.N: 101318 от КНИГИ
650 4 _aФлейта - концерти, концертини
_9353950
653 _aфлейта
653 _aконцерти
852 _aЦб CD 435
_p10
856 4 _qpdf
_u
856 4 _qpdf
_u
942 _cCDD
_n0
944 _aCR
_c06.02.2004
_kТеодора_Стоянова
944 _aED
_c25.03.2013
_k
999 _c221393
_d221393